| 000 | 00373nam a22001457a 4500 | ||
|---|---|---|---|
| 008 | 230405b |||||||| |||| 00| 0 eng d | ||
| 020 | _a978-93-87944-24-4 | ||
| 082 | _a338.92 | ||
| 100 | _aJim Stovall | ||
| 245 |
_aThe art of productivity: _bYour competitive edge |
||
| 260 |
_bJaico, _c2018 |
||
| 300 |
_a149 p. _c21.5 cm |
||
| 942 | _2ddc | ||
| 999 |
_c9466 _d9467 |
||